Maiores Cidades do Tocantins - Statistics

Estatísticas Gerais
  • Esse quiz foi jogado 276 vezes
  • A pontuação média é 7 de 15
Respostas no mapa
Respostas codificadas por cores de uma escala verde-vermelha no mapa do quiz de acordo com a % correta abaixo.
 
Estatísticas das Respostas
População Município % Correto
306.296 Palmas
99%
183.381 Araguaína
84%
87.545 Gurupi
76%
53.316 Porto Nacional
65%
22.845 Tocantinópolis
58%
51.891 Paraíso do Tocantins
56%
17.936 Miracema do Tocantins
47%
26.165 Guaraí
42%
35.851 Colinas do Tocantins
39%
36.170 Araguatins
38%
22.424 Dianópolis
29%
18.399 Formoso do Araguaia
28%
13.773 Pedro Afonso
27%
16.825 Taguatinga
27%
18.643 Augustinópolis
25%
Nenhum quiz correspondente encontrado
Distribuição das Pontuações
Porcentagem de Pessoas com Cada Pontuação
Percentil de Números Respondidos
Sua Pontuação Histórica
Você não jogou esse quiz